[Event "Czech Chess Christmas 2010"]
[Site "Litomysl"]
[Date "2010.12.28"]
[Round "4.8"]
[White "Kantorik, Marian"]
[Black "Niemers, Johannes"]
[Result "1-0"]
[WhiteElo "2351"]
[BlackElo "1999"]
[PlyCount "55"]
[EventDate "2010.12.26"]

1. d4 d5 2. c4 e6 3. Nc3 c6 4. Nf3 f5 5. Bf4 Nf6 6. e3 Be7 7. Bd3 O-O 8. Qc2
Ne4 9. g4 g6 10. gxf5 exf5 11. cxd5 Nxc3 12. bxc3 cxd5 13. h4 Nc6 14. Ke2 Be6
15. h5 Bf6 16. hxg6 hxg6 17. Rag1 Ne7 18. Ne5 Bxe5 19. Bxe5 Kf7 20. Rh7+ Ke8
21. Bg7 Rg8 22. Bf6 Bf7 23. Bxf5 Qb6 24. Bxe7 Kxe7 25. Rxg6 Qb5+ 26. Qd3 Qb2+
27. Kf3 Qc1 28. Rxf7+ 1-0

[Event "Czech Chess Christmas 2010"]
[Site "Litomysl"]
[Date "2010.12.28"]
[Round "4.9"]
[White "Lorenc, Oldrich"]
[Black "Heinzel, Olaf"]
[Result "0-1"]
[WhiteElo "2077"]
[BlackElo "2328"]
[PlyCount "44"]
[EventDate "2010.12.26"]

1. c4 g6 2. Nc3 Bg7 3. Nf3 e5 4. g3 Nc6 5. Bg2 d6 6. O-O Nge7 7. d3 h6 8. Rb1
f5 9. e4 O-O 10. Nd5 g5 11. b4 f4 12. b5 Nxd5 13. cxd5 Ne7 14. h3 g4 15. hxg4
Bxg4 16. gxf4 exf4 17. Qc2 Ng6 18. Nh2 f3 19. Nxg4 fxg2 20. Rd1 Qh4 21. Nh2 Rf3
22. Kxg2 Qh3+ 0-1

[Event "Czech Chess Christmas 2010"]
[Site "Litomysl"]
[Date "2010.12.28"]
[Round "4.11"]
[White "Svoboda, Karel"]
[Black "Bolacky, Jiri"]
[Result "0-1"]
[WhiteElo "2043"]
[BlackElo "2237"]
[PlyCount "70"]
[EventDate "2010.12.26"]

1. e4 c5 2. Nf3 Nc6 3. d4 cxd4 4. Nxd4 e5 5. Nb5 d6 6. N1c3 a6 7. Na3 Be7 8.
Nd5 Nf6 9. Nxe7 Nxe7 10. Bd3 d5 11. exd5 Nexd5 12. O-O O-O 13. Bg5 h6 14. Bh4
b5 15. c3 Nf4 16. Bc2 Bb7 17. f3 Qb6+ 18. Bf2 Qc6 19. Bg3 Rad8 20. Qe1 Rfe8 21.
Rd1 Rxd1 22. Qxd1 Ng4 23. Bxf4 exf4 24. Be4 Qb6+ 25. Qd4 Qxd4+ 26. cxd4 Bxe4
27. fxe4 Rxe4 28. Nc2 Re2 29. Rxf4 Rxc2 30. Rxg4 Rxb2 31. d5 Rxa2 32. Rd4 Kf8
33. d6 Ke8 34. d7+ Kd8 35. Rf4 Rd2 0-1

[Event "Czech Chess Christmas 2010"]
[Site "Litomysl"]
[Date "2010.12.28"]
[Round "4.12"]
[White "Volodin, Viktor"]
[Black "Jiruse, Josef"]
[Result "1/2-1/2"]
[WhiteElo "2223"]
[BlackElo "2059"]
[PlyCount "31"]
[EventDate "2010.12.26"]

1. Nf3 Nf6 2. c4 c6 3. d4 d5 4. Nc3 dxc4 5. a4 Bf5 6. e3 e6 7. Bxc4 Bb4 8. O-O
O-O 9. Na2 Bd6 10. b4 Nbd7 11. Bd3 Bxd3 12. Qxd3 e5 13. Qf5 Qe7 14. Rb1 a6 15.
Rd1 e4 16. Nd2 1/2-1/2

[Event "Czech Chess Christmas 2010"]
[Site "Litomysl"]
[Date "2010.12.28"]
[Round "4.13"]
[White "Lys, Josef"]
[Black "Borisek, Anze"]
[Result "0-1"]
[WhiteElo "2199"]
[BlackElo "2006"]
[PlyCount "80"]
[EventDate "2010.12.26"]

1. d4 f5 2. e4 fxe4 3. Nc3 Nf6 4. g4 d5 5. g5 Ng8 6. f3 Bf5 7. fxe4 dxe4 8. Bg2
e5 9. Nge2 Bb4 10. O-O Bxc3 11. Nxc3 Qxd4+ 12. Qxd4 exd4 13. Nb5 g6 14. Nxc7+
Kd7 15. Nxa8 Ne7 16. Rd1 Nbc6 17. Be3 d3 18. cxd3 exd3 19. Bf1 Ne5 20. Bxa7
Rxa8 21. Bc5 Nd5 22. Bg2 Nf4 23. Re1 Ne2+ 24. Kf1 Rc8 25. b4 b6 26. Bd4 Nc4 27.
Rxe2 dxe2+ 28. Kxe2 Na3 29. Bxb6 Rc2+ 30. Kf1 Bd3+ 31. Kg1 Ke6 32. Bc5 Kf5 33.
Rd1 Bc4 34. Bd5 Bxa2 35. Bxa2 Rxa2 36. Rd7 Nc4 37. Rxh7 Kxg5 38. Rf7 Ne5 39.
Rf2 Ra1+ 40. Kg2 Nd3 0-1

[Event "Czech Chess Christmas 2010"]
[Site "Litomysl"]
[Date "2010.12.28"]
[Round "4.14"]
[White "Krupa, Krzysztof"]
[Black "Olsarova, Tereza"]
[Result "1/2-1/2"]
[WhiteElo "2031"]
[BlackElo "2185"]
[PlyCount "67"]
[EventDate "2010.12.26"]

1. e4 d6 2. d4 g6 3. Nc3 Bg7 4. Be3 c6 5. Qd2 Nd7 6. Nf3 b5 7. Rd1 a6 8. Be2
Bb7 9. O-O b4 10. Nb1 c5 11. dxc5 dxc5 12. c3 Ngf6 13. e5 Ne4 14. Qc2 bxc3 15.
bxc3 Qc7 16. Bd3 f5 17. exf6 Ndxf6 18. Bc4 Ng4 19. Rfe1 Nef6 20. Qe2 Bxf3 21.
Qxf3 Qxh2+ 22. Kf1 Nxe3+ 23. Rxe3 Qh1+ 24. Ke2 Qh5 25. Qxh5 Nxh5 26. g3 Bf6 27.
Re6 a5 28. Na3 Kf8 29. Nb5 Kg7 30. Rc6 Rac8 31. Ra6 Rhd8 32. Rxd8 Rxd8 33. Rxa5
Bg5 34. Nc7 1/2-1/2

[Event "Czech Chess Christmas 2010"]
[Site "Litomysl"]
[Date "2010.12.28"]
[Round "4.15"]
[White "Cizinsky, Petr"]
[Black "Mass, Elvira"]
[Result "1-0"]
[WhiteElo "2148"]
[BlackElo "1988"]
[PlyCount "53"]
[EventDate "2010.12.26"]

1. e4 g6 2. d4 Bg7 3. Be3 d6 4. Nc3 Nd7 5. Qd2 e5 6. Nf3 Ngf6 7. O-O-O a6 8.
dxe5 dxe5 9. Nxe5 Nxe4 10. Nxe4 Bxe5 11. Bg5 f6 12. Bh6 g5 13. g3 g4 14. Be2
Rg8 15. h3 f5 16. Bg5 Rxg5 17. Nxg5 Qf6 18. hxg4 f4 19. Nxh7 Bxb2+ 20. Kb1 Qb6
21. Qd5 Be5+ 22. Qb3 fxg3 23. fxg3 Bxg3 24. g5 Be5 25. Bh5+ Ke7 26. Rhe1 Qxb3+
27. axb3 1-0

[Event "Czech Chess Christmas 2010"]
[Site "Litomysl"]
[Date "2010.12.28"]
[Round "4.16"]
[White "Kaczmarek, Maciej"]
[Black "Weissmann, Lukas"]
[Result "1/2-1/2"]
[WhiteElo "2009"]
[BlackElo "2146"]
[PlyCount "60"]
[EventDate "2010.12.26"]

1. e4 c5 2. Nf3 Nf6 3. Nc3 d5 4. exd5 Nxd5 5. d4 Nxc3 6. bxc3 e6 7. Bd3 Be7 8.
O-O Nc6 9. Ne5 Nxe5 10. dxe5 Bd7 11. Qg4 g6 12. Be4 Qc7 13. Rb1 Bc6 14. Qf3 O-O
15. Bxc6 bxc6 16. Bf4 Rfd8 17. Rfd1 Rxd1+ 18. Rxd1 Rd8 19. h3 Rd5 20. c4 Rd4
21. Rxd4 cxd4 22. c3 Qb6 23. a4 Kg7 24. Qd3 dxc3 25. Qxc3 Qb1+ 26. Kh2 Qa2 27.
Qd2 Qxd2 28. Bxd2 Bc5 29. f4 Bd4 30. Kg3 h5 1/2-1/2

[Event "Czech Chess Christmas 2010"]
[Site "Litomysl"]
[Date "2010.12.28"]
[Round "4.17"]
[White "Navratil, Jiri"]
[Black "Seidl, Antonin"]
[Result "1-0"]
[WhiteElo "2120"]
[BlackElo "1983"]
[PlyCount "191"]
[EventDate "2010.12.26"]

1. d4 Nf6 2. Nf3 g6 3. c3 Bg7 4. Bf4 O-O 5. Nbd2 d5 6. h3 Nbd7 7. e3 c5 8. Be2
b6 9. Ne5 Bb7 10. Qa4 a6 11. O-O b5 12. Qb3 cxd4 13. exd4 Nb6 14. Rfe1 Nfd7 15.
Bf3 Nc4 16. Nexc4 dxc4 17. Qb4 Bxf3 18. Nxf3 e6 19. a4 Qb6 20. Ne5 Nf6 21. Nxc4
Qb7 22. Ne3 Rfc8 23. Be5 Bf8 24. Qb3 Nd5 25. Nxd5 exd5 26. axb5 axb5 27. Rxa8
Rxa8 28. Bg3 Qc6 29. Re5 Rd8 30. Bh4 f6 31. Re1 Kf7 32. Ra1 Rd7 33. Ra5 Rb7 34.
Qa2 Be7 35. Bg3 Qc4 36. Qxc4 bxc4 37. Rxd5 Rxb2 38. Rd7 Rc2 39. Rc7 Rxc3 40.
Bd6 Rc1+ 41. Kh2 Re1 42. Bxe7 Rxe7 43. Rxc4 Ke6 44. f3 Kd5 45. Ra4 Rc7 46. Kg3
Rc4 47. Ra6 f5 48. Ra7 Kxd4 49. Rxh7 Ke5 50. h4 Kf6 51. h5 gxh5 52. Rxh5 Kg6
53. Rh8 Ra4 54. Rb8 Kf6 55. Rb7 Kg5 56. Rb5 Kf6 57. f4 Kg6 58. Rb6+ Kh5 59. Rb3
Kg6 60. Rb8 Rc4 61. Rg8+ Kf6 62. Kf3 Rc3+ 63. Kf2 Ra3 64. g3 Rb3 65. Kg2 Rb2+
66. Kh3 Rb1 67. Ra8 Rb6 68. Kh4 Kg6 69. Rg8+ Kf7 70. Rg5 Rh6+ 71. Rh5 Rf6 72.
Rh8 Kg6 73. Rg8+ Kh6 74. Rb8 Kg7 75. Kg5 Rg6+ 76. Kxf5 Rxg3 77. Rb7+ Kg8 78.
Kf6 Ra3 79. Rb8+ Kh7 80. Re8 Ra6+ 81. Re6 Ra8 82. Kf7 Ra7+ 83. Re7 Ra5 84. Kf6+
Kg8 85. Re8+ Kh7 86. f5 Ra6+ 87. Kf7 Ra1 88. f6 Ra2 89. Rd8 Ra4 90. Ke6 Ra6+
91. Rd6 Ra1 92. Rd7+ Kg8 93. Rd8+ Kh7 94. f7 Re1+ 95. Kd6 Rd1+ 96. Kc7 1-0

[Event "Czech Chess Christmas 2010"]
[Site "Litomysl"]
[Date "2010.12.28"]
[Round "4.18"]
[White "Olsar, Zdenek"]
[Black "Pekar, Vaclav"]
[Result "0-1"]
[WhiteElo "1984"]
[BlackElo "2114"]
[PlyCount "64"]
[EventDate "2010.12.26"]

1. e4 Nc6 2. Nf3 d5 3. exd5 Qxd5 4. Nc3 Qa5 5. d4 Bg4 6. Bb5 O-O-O 7. Bxc6 bxc6
8. O-O Nf6 9. h3 Bh5 10. Re1 e6 11. g4 Bg6 12. Ne5 Qa6 13. Qf3 Rxd4 14. Nxc6
Rd6 15. Ne5 Qb7 16. Qg3 Rd8 17. Bf4 Bd6 18. h4 Bxe5 19. Bxe5 Nd7 20. Bf4 e5 21.
Bxe5 Nxe5 22. Rxe5 Bxc2 23. Rb5 Qc6 24. Rc1 Rhe8 25. Rb4 Rd1+ 26. Rxd1 Bxd1 27.
Qd3 Re1+ 28. Kh2 Qh1+ 29. Kg3 Rg1+ 30. Kf4 Rxg4+ 31. Ke5 Rxb4 32. Nxd1 Qxh4 0-1

[Event "Czech Chess Christmas 2010"]
[Site "Litomysl"]
[Date "2010.12.28"]
[Round "4.20"]
[White "Dowgird, Filip"]
[Black "Nytrova, Adela"]
[Result "0-1"]
[WhiteElo "2096"]
[BlackElo "1823"]
[PlyCount "78"]
[EventDate "2010.12.26"]

1. e4 e5 2. Nf3 Nc6 3. Bb5 a6 4. Bxc6 dxc6 5. d4 exd4 6. Qxd4 Bg4 7. Be3 Nf6 8.
Nbd2 Bxf3 9. gxf3 Qxd4 10. Bxd4 O-O-O 11. Nb3 Bd6 12. O-O-O Bf4+ 13. Be3 Rxd1+
14. Kxd1 Rd8+ 15. Ke2 Bxe3 16. fxe3 b6 17. Nd4 Kb7 18. Nf5 g6 19. Nh6 Rd7 20.
Rd1 Re7 21. Rd8 Re5 22. Nxf7 Rh5 23. Rd2 Rxh2+ 24. Kd3 Rh3 25. Rf2 Nd7 26. Nd8+
Kc8 27. Nxc6 Rh1 28. b4 Kb7 29. Nd8+ Kc8 30. Nf7 c5 31. c3 b5 32. bxc5 Nxc5+
33. Kd4 Nd7 34. e5 Rd1+ 35. Ke4 Nc5+ 36. Kf4 Nd3+ 37. Kg3 Nxf2 38. Kxf2 Rd2+
39. Kg3 Kd7 0-1

[Event "Czech Chess Christmas 2010"]
[Site "Litomysl"]
[Date "2010.12.29"]
[Round "5.1"]
[White "Kanovsky, David"]
[Black "Sabol, Marian"]
[Result "1/2-1/2"]
[WhiteElo "2497"]
[BlackElo "2392"]
[PlyCount "53"]
[EventDate "2010.12.26"]

1. c4 Nf6 2. Nc3 c5 3. Nf3 Nc6 4. e3 g6 5. d4 cxd4 6. exd4 d5 7. cxd5 Nxd5 8.
Qb3 Nxc3 9. Bc4 Nd5 10. Bxd5 e6 11. Bxc6+ bxc6 12. O-O Bg7 13. Bf4 O-O 14. Rfc1
Qd5 15. Qa4 Qb5 16. Qa3 Rd8 17. Qe7 Ba6 18. Be5 Qb7 19. Qh4 Qxb2 20. Rab1 Qxa2
21. Ra1 Qb2 22. Ng5 h6 23. Bxg7 Kxg7 24. Nxe6+ fxe6 25. Qe7+ Kg8 26. Qxe6+ Kg7
27. Qe7+ 1/2-1/2

[Event "Czech Chess Christmas 2010"]
[Site "Litomysl"]
[Date "2010.12.29"]
[Round "5.2"]
[White "Olsarova, Karolina"]
[Black "Bernasek, Jan"]
[Result "0-1"]
[WhiteElo "2202"]
[BlackElo "2490"]
[PlyCount "50"]
[EventDate "2010.12.26"]

1. e4 b6 2. d4 Bb7 3. Nc3 e6 4. Bd3 Nf6 5. Nf3 Bb4 6. Qe2 d5 7. e5 Ne4 8. Bd2
Nxd2 9. Qxd2 Be7 10. Ne2 Ba6 11. Bxa6 Nxa6 12. c3 c5 13. a3 Nb8 14. Nf4 Nc6 15.
Nh5 g6 16. Ng3 cxd4 17. cxd4 Na5 18. Qh6 Bf8 19. Qf4 h5 20. Ng5 Qe7 21. Rc1 h4
22. N3e4 dxe4 23. Nxe4 Bh6 24. Nf6+ Kf8 25. Qe4 Bxc1 0-1

[Event "Czech Chess Christmas 2010"]
[Site "Litomysl"]
[Date "2010.12.29"]
[Round "5.3"]
[White "Likavsky, Tomas"]
[Black "Novotny, Michal"]
[Result "1/2-1/2"]
[WhiteElo "2466"]
[BlackElo "2255"]
[PlyCount "120"]
[EventDate "2010.12.26"]

1. c4 Nf6 2. Nc3 g6 3. e4 d6 4. d4 Bg7 5. h3 O-O 6. Bg5 c5 7. d5 h6 8. Bd2 e6
9. Bd3 a6 10. a4 b6 11. Nge2 Ra7 12. f4 exd5 13. exd5 Nh5 14. O-O f5 15. Qc2
Nf6 16. g3 Re7 17. Rae1 a5 18. Nc1 Rfe8 19. Rxe7 Rxe7 20. Re1 Na6 21. Qd1 Nb4
22. Bb1 Bd7 23. b3 Qe8 24. Rxe7 Qxe7 25. Qf3 Kf7 26. Kh2 Qe8 27. N1e2 Qe7 28.
Qg2 Qe8 29. Ng1 Nh5 30. Nd1 Ba1 31. Ne2 Bf6 32. g4 Ng7 33. Ne3 Qc8 34. Ng3 Bd4
35. gxf5 gxf5 36. Qf3 Qg8 37. Ng2 Qh7 38. Nh4 Bf6 39. Ngxf5 Kf8 40. Qe4 Nxf5
41. Nxf5 Bxf5 42. Qxf5 Qxf5 43. Bxf5 Na2 44. Kg3 Bc3 45. Be3 Bd4 46. Bd2 Bc3
47. Be3 Bd4 48. Bxd4 cxd4 49. Kf3 Ke7 50. Bb1 Nc3 51. Bc2 Kf6 52. Bd3 Ke7 53.
Kf2 Kf6 54. Ke1 Na2 55. Bc2 Nb4 56. Kd2 Na6 57. Kd3 Kf5 58. Kxd4+ Kxf4 59. c5
bxc5+ 60. Kc4 Nc7 1/2-1/2

[Event "Czech Chess Christmas 2010"]
[Site "Litomysl"]
[Date "2010.12.29"]
[Round "5.5"]
[White "Pekar, Vaclav"]
[Black "Kantorik, Marian"]
[Result "0-1"]
[WhiteElo "2114"]
[BlackElo "2351"]
[PlyCount "70"]
[EventDate "2010.12.26"]

1. f4 d5 2. Nf3 c6 3. b3 Qc7 4. e3 Bg4 5. Bb2 Nd7 6. c4 e6 7. Be2 Ngf6 8. O-O
Bd6 9. Nc3 dxc4 10. bxc4 Bxf3 11. Bxf3 e5 12. g3 O-O-O 13. d4 exd4 14. exd4 h5
15. h4 Rh6 16. Bg2 Ng4 17. Rf3 Re6 18. Nd5 cxd5 19. cxd5 Re3 20. Rc1 Nc5 21.
dxc5 Bxc5 22. Kh1 Kb8 23. Rxe3 Nf2+ 24. Kh2 Nxd1 25. Be5 Nxe3 26. Bxc7+ Kxc7
27. Rxc5+ Kd6 28. Ra5 Nxg2 29. Kxg2 a6 30. Kf3 Rc8 31. Ra3 Kxd5 32. Ra5+ Rc5
33. Rxc5+ Kxc5 34. g4 Kd4 35. gxh5 f5 0-1

[Event "Czech Chess Christmas 2010"]
[Site "Litomysl"]
[Date "2010.12.29"]
[Round "5.6"]
[White "Madan, Augustin"]
[Black "Cizinsky, Petr"]
[Result "1/2-1/2"]
[WhiteElo "2339"]
[BlackElo "2148"]
[PlyCount "102"]
[EventDate "2010.12.26"]

1. d4 Nf6 2. Nf3 g6 3. g3 Bg7 4. Bg2 O-O 5. O-O c5 6. d5 d6 7. Nc3 Nbd7 8. a4
a6 9. e4 Rb8 10. a5 b5 11. axb6 Rxb6 12. Ra2 Rb4 13. Re1 Ng4 14. h3 Nge5 15.
Nxe5 Nxe5 16. Na4 Bd7 17. c3 Rxa4 18. Rxa4 Bxa4 19. Qxa4 Nd3 20. Rd1 Nxc1 21.
Rxc1 Qb6 22. Rc2 Rb8 23. Bf1 a5 24. Bc4 Bf6 25. Kg2 Qc7 26. f4 h6 27. Re2 Rb7
28. Ba6 Rb6 29. Qe8+ Kg7 30. Bc4 Rb7 31. h4 Rb6 32. Kh3 Rb7 33. g4 g5 34. e5
dxe5 35. fxg5 hxg5 36. h5 e4 37. d6 exd6 38. Qxe4 Qe7 39. Qf3 Be5 40. Bd5 Ra7
41. Be4 Qe6 42. Rf2 Bf4 43. Qd3 Re7 44. Re2 d5 45. Bf3 Qxe2 46. Bxe2 Re3+ 47.
Qxe3 Bxe3 48. Bf3 d4 49. cxd4 Bxd4 50. b3 Kh6 51. Be4 f6 1/2-1/2

[Event "Czech Chess Christmas 2010"]
[Site "Litomysl"]
[Date "2010.12.29"]
[Round "5.7"]
[White "Chladek, Vaclav"]
[Black "Strebkovs, Andrejs"]
[Result "0-1"]
[WhiteElo "2099"]
[BlackElo "2329"]
[PlyCount "58"]
[EventDate "2010.12.26"]

1. e4 e6 2. d4 d5 3. e5 c5 4. c3 Qb6 5. Nf3 Nc6 6. Bd3 cxd4 7. cxd4 Bd7 8. Nc3
Nxd4 9. Nxd4 Qxd4 10. O-O a6 11. Qe2 Ne7 12. Rd1 Nc6 13. Bxa6 Qb6 14. Bb5 Be7
15. Be3 Qc7 16. Bxc6 bxc6 17. Qg4 Qxe5 18. Bd4 h5 19. Qxg7 Qxg7 20. Bxg7 Rg8
21. Be5 c5 22. Rd3 Bc6 23. Ne2 d4 24. Rg3 Kd7 25. a3 h4 26. Rxg8 Rxg8 27. g3 f6
28. Bf4 e5 29. Bd2 Rb8 0-1

[Event "Czech Chess Christmas 2010"]
[Site "Litomysl"]
[Date "2010.12.29"]
[Round "5.8"]
[White "Heinzel, Olaf"]
[Black "Navratil, Jiri"]
[Result "1-0"]
[WhiteElo "2328"]
[BlackElo "2120"]
[PlyCount "97"]
[EventDate "2010.12.26"]

1. d4 d5 2. Bf4 Nf6 3. Nf3 c6 4. Nbd2 Bf5 5. e3 e6 6. h3 Bd6 7. Ne5 Qc7 8. g4
Be4 9. f3 Bg6 10. h4 h6 11. Nxg6 fxg6 12. Bxd6 Qxd6 13. f4 Nbd7 14. Bd3 Nf8 15.
Qf3 O-O-O 16. O-O-O Ng8 17. Rdg1 Ne7 18. h5 gxh5 19. gxh5 Rg8 20. Qh3 c5 21. c3
cxd4 22. cxd4 Kb8 23. Nf3 Nc6 24. a3 Rc8 25. Kb1 Rc7 26. Rh2 Na5 27. Ne5 Nc4
28. Bxc4 dxc4 29. Rc2 c3 30. Qg2 cxb2 31. Rxc7 Qxc7 32. Qxb2 Nd7 33. Qb5 Nb6
34. Rc1 Qe7 35. Qb3 Rc8 36. Rxc8+ Kxc8 37. e4 Qe8 38. Qc3+ Kb8 39. Qc5 Na4 40.
Qd6+ Ka8 41. Qb4 b5 42. Kc2 Nb6 43. Nd3 Kb7 44. Qd6 Ka6 45. Nc5+ Ka5 46. Nxe6
Qc8+ 47. Nc7 Nc4 48. Qb4+ Kb6 49. Qxb5+ 1-0

[Event "Czech Chess Christmas 2010"]
[Site "Litomysl"]
[Date "2010.12.29"]
[Round "5.9"]
[White "Bolacky, Jiri"]
[Black "Borisek, Anze"]
[Result "1-0"]
[WhiteElo "2237"]
[BlackElo "2006"]
[PlyCount "51"]
[EventDate "2010.12.26"]

1. e4 c6 2. d4 d5 3. e5 g6 4. Be3 h5 5. Nd2 Nh6 6. Nb3 Bf5 7. Qd2 Nd7 8. h3 Bg7
9. g3 Qc7 10. f3 Nxe5 11. Bf4 f6 12. g4 Bd7 13. dxe5 fxe5 14. Bg3 hxg4 15. hxg4
O-O-O 16. Bd3 Qd6 17. Qa5 Kb8 18. Bf2 d4 19. O-O-O Nf7 20. Rxh8 Rxh8 21. Nc5
Bc8 22. Ne4 Qe6 23. Qb4 Nd6 24. Qb3 Qd7 25. Nc5 Qe8 26. Na6+ 1-0

[Event "Czech Chess Christmas 2010"]
[Site "Litomysl"]
[Date "2010.12.29"]
[Round "5.10"]
[White "Svana, Peter"]
[Black "Nytrova, Adela"]
[Result "1-0"]
[WhiteElo "2227"]
[BlackElo "1823"]
[PlyCount "59"]
[EventDate "2010.12.26"]

1. d4 Nf6 2. c4 e6 3. Nf3 b6 4. g3 Bb7 5. Bg2 c5 6. dxc5 Bxc5 7. O-O O-O 8. a3
Ne4 9. Qc2 d5 10. Nbd2 f5 11. b4 Be7 12. Bb2 Nd7 13. Nd4 Rf6 14. cxd5 exd5 15.
N2f3 Rc8 16. Qb3 a6 17. Rad1 b5 18. Nxf5 Rxf5 19. Nd4 Nec5 20. bxc5 Nxc5 21.
Qa2 Rh5 22. Bf3 Rg5 23. e4 Kh8 24. h4 dxe4 25. Ne6 Qe8 26. hxg5 Nxe6 27. Qxe6
exf3 28. Rd7 Bd5 29. Bxg7+ Kxg7 30. Rxe7+ 1-0

[Event "Czech Chess Christmas 2010"]
[Site "Litomysl"]
[Date "2010.12.29"]
[Round "5.11"]
[White "Klima, Lukas"]
[Black "Kastner, Oldrich"]
[Result "1-0"]
[WhiteElo "2396"]
[BlackElo "2070"]
[PlyCount "57"]
[EventDate "2010.12.26"]

1. e4 e6 2. d4 d5 3. Nc3 Nf6 4. Bg5 Bb4 5. e5 h6 6. Bd2 Bxc3 7. Bxc3 Ne4 8. Bb4
c5 9. Bxc5 Nxc5 10. dxc5 Qa5+ 11. c3 Qxc5 12. Nf3 Bd7 13. Qd2 Bb5 14. Qd4 Qc6
15. Qg4 Bxf1 16. Qxg7 Rf8 17. Rxf1 Qb5 18. O-O-O Qc4 19. Kb1 Qe4+ 20. Ka1 Qg6
21. Qxg6 fxg6 22. c4 dxc4 23. Rd6 Kf7 24. Rc1 Re8 25. Rxc4 Nc6 26. Rf4+ Kg7 27.
Rd7+ Re7 28. Rxe7+ Nxe7 29. Nd4 1-0

[Event "Czech Chess Christmas 2010"]
[Site "Litomysl"]
[Date "2010.12.29"]
[Round "5.12"]
[White "Skoda, Martin"]
[Black "Cerveny, Martin"]
[Result "0-1"]
[WhiteElo "2034"]
[BlackElo "2317"]
[PlyCount "66"]
[EventDate "2010.12.26"]

1. e4 c5 2. f4 Nc6 3. Nf3 d6 4. Bb5 Qb6 5. Nc3 e6 6. d3 Nge7 7. O-O g6 8. Bxc6+
Nxc6 9. f5 Bg7 10. fxe6 fxe6 11. Ng5 Ne5 12. Ne2 h6 13. Nh3 Bd7 14. Bd2 O-O-O
15. Bc3 Rdf8 16. Nef4 Rhg8 17. Kh1 g5 18. Ne2 Rxf1+ 19. Qxf1 Qd8 20. d4 cxd4
21. Nxd4 Rf8 22. Qe2 g4 23. Nf2 h5 24. Nd3 h4 25. Rf1 h3 26. gxh3 gxh3 27. Rxf8
Qxf8 28. Nf2 Qh8 29. Nb5 Qh6 30. Nxd6+ Kc7 31. Qd1 Bc6 32. Bb4 Qe3 33. Qg1 Qf3+
0-1

[Event "Czech Chess Christmas 2010"]
[Site "Litomysl"]
[Date "2010.12.29"]
[Round "5.13"]
[White "Jedlicka, Ales"]
[Black "Kotva, Milan"]
[Result "1/2-1/2"]
[WhiteElo "2261"]
[BlackElo "2070"]
[PlyCount "61"]
[EventDate "2010.12.26"]

1. d4 d5 2. c4 Nc6 3. Nc3 e6 4. Nf3 Nf6 5. Bg5 Be7 6. e3 Ne4 7. Bxe7 Qxe7 8.
Rc1 O-O 9. cxd5 Nxc3 10. Rxc3 exd5 11. Be2 Nd8 12. O-O c6 13. Qb1 Bg4 14. b4 a6
15. a4 Ne6 16. b5 axb5 17. axb5 Bxf3 18. Bxf3 Ng5 19. bxc6 Nxf3+ 20. gxf3 Qg5+
21. Kh1 Qf6 22. f4 bxc6 23. Qb7 Rac8 24. Rfc1 Qh4 25. Kg2 Qg4+ 26. Kf1 Qh3+ 27.
Ke1 Rfe8 28. Ke2 Qg4+ 29. Ke1 Qg1+ 30. Ke2 Qg4+ 31. Ke1 1/2-1/2

[Event "Czech Chess Christmas 2010"]
[Site "Litomysl"]
[Date "2010.12.29"]
[Round "5.14"]
[White "Jiruse, Josef"]
[Black "Bombek, Peter"]
[Result "1/2-1/2"]
[WhiteElo "2059"]
[BlackElo "2228"]
[PlyCount "31"]
[EventDate "2010.12.26"]

1. c4 e5 2. Nc3 Nc6 3. g3 f5 4. Bg2 Nf6 5. d3 Bc5 6. e3 O-O 7. a3 a5 8. Rb1 Re8
9. Nd5 Bf8 10. Ne2 d6 11. O-O Nxd5 12. cxd5 Ne7 13. b4 axb4 14. axb4 c6 15.
dxc6 bxc6 16. Bb2 1/2-1/2

[Event "Czech Chess Christmas 2010"]
[Site "Litomysl"]
[Date "2010.12.29"]
[Round "5.15"]
[White "Ruzicka, Vaclav"]
[Black "Volodin, Viktor"]
[Result "0-1"]
[WhiteElo "2024"]
[BlackElo "2223"]
[PlyCount "50"]
[EventDate "2010.12.26"]

1. c4 e6 2. d4 d5 3. Nf3 Nf6 4. Nc3 c6 5. Bg5 h6 6. Bh4 dxc4 7. e4 g5 8. Bg3 b5
9. Be2 Bb4 10. Qc2 Bb7 11. Rd1 Nbd7 12. O-O Qb6 13. a4 a6 14. Ne5 Bxc3 15. bxc3
c5 16. Nxd7 Nxd7 17. Bh5 Nf6 18. Be5 Nxh5 19. Bxh8 Nf4 20. Bf6 Nd3 21. Rxd3
Bxe4 22. dxc5 cxd3 23. Qxd3 Bxd3 24. cxb6 Bxf1 25. Be5 O-O-O 0-1

[Event "Czech Chess Christmas 2010"]
[Site "Litomysl"]
[Date "2010.12.29"]
[Round "5.16"]
[White "Olsarova, Tereza"]
[Black "Kaczmarek, Maciej"]
[Result "1-0"]
[WhiteElo "2185"]
[BlackElo "2009"]
[PlyCount "63"]
[EventDate "2010.12.26"]

1. e4 c5 2. Nf3 d6 3. d4 cxd4 4. Nxd4 Nf6 5. Nc3 a6 6. h3 g6 7. g4 Bg7 8. Bg2
O-O 9. Be3 Qc7 10. O-O Nc6 11. Qd2 Nxd4 12. Bxd4 Be6 13. Rfe1 Rac8 14. f4 Nd7
15. f5 Bxd4+ 16. Qxd4 Bc4 17. Rad1 b5 18. g5 Ne5 19. f6 Be6 20. Qf2 b4 21. Nd5
Bxd5 22. exd5 Qxc2 23. Qxc2 Rxc2 24. fxe7 Re8 25. Rxe5 Rxb2 26. h4 Rxa2 27. Bh3
b3 28. Ree1 f5 29. gxf6 Kf7 30. Bd7 b2 31. Bxe8+ Kxe8 32. f7+ 1-0

[Event "Czech Chess Christmas 2010"]
[Site "Litomysl"]
[Date "2010.12.29"]
[Round "5.17"]
[White "Weissmann, Lukas"]
[Black "Krupa, Krzysztof"]
[Result "1/2-1/2"]
[WhiteElo "2146"]
[BlackElo "2031"]
[PlyCount "59"]
[EventDate "2010.12.26"]

1. c4 e5 2. Nc3 Nc6 3. e3 g6 4. g3 Bg7 5. Bg2 d6 6. Nge2 Nge7 7. O-O Be6 8. Nd5
Qd7 9. Rb1 O-O 10. b4 Nf5 11. d3 Rae8 12. Bd2 Nd8 13. b5 c6 14. Ndc3 d5 15.
cxd5 cxd5 16. Qa4 b6 17. Rfd1 Ne7 18. d4 Bf5 19. Rbc1 Ne6 20. Be1 exd4 21. Nxd4
Bxd4 22. exd4 Rc8 23. Qb3 Nc7 24. a4 Bg4 25. f3 Be6 26. Ne2 Nf5 27. Rc6 Rfe8
28. Bb4 Qd8 29. Nf4 Bd7 30. Rc3 1/2-1/2

[Event "Czech Chess Christmas 2010"]
[Site "Litomysl"]
[Date "2010.12.29"]
[Round "5.18"]
[White "Niemers, Johannes"]
[Black "Konstacky, Matej"]
[Result "1/2-1/2"]
[WhiteElo "1999"]
[BlackElo "2110"]
[PlyCount "52"]
[EventDate "2010.12.26"]

1. d4 Nf6 2. g3 d5 3. Bg2 g6 4. Nf3 Bg7 5. O-O O-O 6. Nbd2 c6 7. b3 c5 8. e3
cxd4 9. exd4 Nc6 10. Bb2 Bf5 11. Nh4 Bg4 12. f3 Bd7 13. f4 Bg4 14. Ndf3 Ne4 15.
Qe1 Qb6 16. c3 Rae8 17. h3 Bxf3 18. Nxf3 e5 19. Nxe5 Nxe5 20. fxe5 Bxe5 21.
Bxe4 dxe4 22. Qf2 Bc7 23. Bc1 f5 24. Be3 Qf6 25. h4 Rf7 26. Rad1 b6 1/2-1/2

[Event "Czech Chess Christmas 2010"]
[Site "Litomysl"]
[Date "2010.12.29"]
[Round "5.19"]
[White "Galvanek, Ladislav"]
[Black "Navratil, Jiri"]
[Result "1/2-1/2"]
[WhiteElo "2091"]
[BlackElo "1996"]
[PlyCount "61"]
[EventDate "2010.12.26"]

1. d4 d5 2. c4 Nc6 3. Nc3 dxc4 4. Nf3 Bg4 5. d5 Bxf3 6. exf3 Ne5 7. f4 Nd7 8.
Bxc4 Ngf6 9. O-O g6 10. Re1 Bg7 11. Qf3 O-O 12. f5 a5 13. a4 Ne8 14. fxg6 hxg6
15. Bf4 Nd6 16. Bd3 Nf6 17. Be5 Qd7 18. h3 c6 19. Rad1 Rac8 20. g4 Rfe8 21.
dxc6 Qxc6 22. Qxc6 Rxc6 23. Nb5 Rd8 24. Bc3 b6 25. Bf1 Kf8 26. g5 Nh5 27. Bxg7+
Nxg7 28. Nc3 Rdc8 29. Bg2 Rc5 30. Nd5 Re8 31. Nxb6 1/2-1/2

[Event "Czech Chess Christmas 2010"]
[Site "Litomysl"]
[Date "2010.12.29"]
[Round "5.20"]
[White "Kraus, Ondrej"]
[Black "Seidl, Stepan"]
[Result "1-0"]
[WhiteElo "1973"]
[BlackElo "2088"]
[PlyCount "105"]
[EventDate "2010.12.26"]

1. d4 Nf6 2. Nf3 g6 3. c4 Bg7 4. Nc3 d5 5. Bf4 O-O 6. e3 Na6 7. cxd5 Nxd5 8.
Nxd5 Qxd5 9. Bxa6 Qa5+ 10. Qd2 Qxa6 11. Bxc7 Bf5 12. Qa5 Qc6 13. O-O b6 14. Qc3
Qxc3 15. bxc3 Rfc8 16. Be5 f6 17. Bf4 Rxc3 18. Rfc1 Rac8 19. Rxc3 Rxc3 20. a4
Bd7 21. Kf1 Rc4 22. a5 b5 23. Ke1 e6 24. Bd6 Rc6 25. Bc5 a6 26. Kd2 e5 27. Rc1
Be6 28. Rc3 Bc4 29. Bb4 Rc8 30. dxe5 fxe5 31. e4 Rd8+ 32. Kc2 Bf1 33. Ne1 Bc4
34. Nd3 Rd4 35. Nc5 Bf8 36. Nxa6 Rxe4 37. Re3 Rf4 38. f3 Rf6 39. Bxf8 Rxf8 40.
Nb4 Ra8 41. a6 Re8 42. f4 e4 43. Kc3 Kf7 44. Kd4 Bd3 45. Kc5 g5 46. Nxd3 exd3
47. Rxd3 b4 48. a7 gxf4 49. Kxb4 Kg6 50. Ra3 Ra8 51. Kb5 f3 52. gxf3 Kg5 53.
Kb6 1-0